000 00896nam a2200253 a 4500
001 74208
003 BD-RjUL
005 20211209082519.0
008 180401s2017 bg af||| b||| 00| 0bben d
020 _a9789843418807
_cTk.300.00
035 _a(BD-RjUL)74426
040 _aBD-RjUL
_beng
_cBD-RjUL
041 _aben
082 _223
_a297.610922
_bREH 2017
100 1 _aরেজা, মাসুদ
_9220835
245 1 0 _aহযরত সৈয়দ শাহ ওসমান /
_cমাসুদ রেজা,
260 _aঢাকা :
_bচর্যাপদ ,
_c২০১৭
300 _a১১২ পৃ. :
_bছবি ;
_c২২ সেমি.
504 _aগ্রন্থপঞ্জি সংযোজিত
600 _aওসমান, হযরত সৈয়দ শাহ
_9220838
650 _aজীবনী
_9220836
650 _aBiography
_9220837
942 _2ddc
_cBK
999 _c74208
_d74208